000 00847nam a2200253Ia 4500
003 OSt
005 20220923220706.0
006 a|||||r|||| 00| 0
007 ta
008 220922b |||||||| |||| 00| 0 hin d
024 _a189,230
037 _cTextual
040 _aARTS
_cARTS
_bhin
041 _2hin
_ahin
082 _aO152,2N192x, L8
100 _aशर्मा, रत्न चन्द्र
245 0 _aबदला तथा अन्य एकांकी
246 _aBadalā tathā anya ekāankī
260 _aदिल्ली
_b प्रज्ञा प्रकाशन
_c1978
300 _a126पृ.
_ccm.
650 _aहिन्दी साहित्य
_9156264
942 _hO152,2N192x, L8
_cTEXL
_2CC
999 _c342083
_d342083